000 00670nam a2200277Ia 4500
005 20260324121945.0
008 008 260324s9999 xx 000 0 eng d
020 _a9780429255823
037 _aEBOOK
040 _aCRL
040 _beng
040 _cCRL
041 _2eng
041 _aeng
084 _qCRL
100 _aFrank J. DiMarino; Cliff Roberson
_91164548
245 0 _aIntroduction to Corporate and White-Collar Crime
260 _bTaylor and Francis
260 _c2013
365 _a
365 _b170
856 _uhttp://www.taylorfrancis.com/books/9780429255823
942 _cEBOOK
999 _c1756954
_d1756954